[Event "Vasco-chT"]
[Site "Pais Vasco"]
[Date "2009.02.07"]
[Round "4.3"]
[White "Fernandez de Pinedo Orive, Jose Angel"]
[Black "Alcaide Rodriguez, Aitor"]
[Result "0-1"]
[WhiteElo "1966"]
[BlackElo "2108"]
[PlyCount "86"]
[EventDate "2009.01.10"]
[EventType "team-tourn"]
[EventRounds "9"]
[EventCountry "ESP"]
[SourceTitle "EXT 2010"]
[Source "ChessBase"]
[SourceDate "2010.11.25"]
[SourceVersion "1"]
[SourceVersionDate "2010.11.25"]
[SourceQuality "1"]

1. e4 e6 2. d4 d5 3. e5 c5 4. c3 Qb6 5. Nf3 Bd7 6. a3 cxd4 7. cxd4 Bb5 8. Bxb5+ Qxb5 9. Nc3 Qc4 10. Be3 Nh6 11. Bxh6 gxh6 12. Qa4+ Qxa4 13. Nxa4 Nc6 14. 0-0 Rc8 15. Rac1 b6 16. g3 Kd7 17. Kg2 Bg7 18. b4 f6 19. Rfe1 fxe5 20. dxe5 Rhf8 21. Nb2 h5 22. b5 Na5 23. Rxc8 Rxc8 24. Nd4 Rc3 25. a4 Nc4 26. Nxc4 Rxc4 27. Nc6 Rxa4 28. f4 a5 29. Rc1 Rc4 30. Rxc4 dxc4 31. Nd4 a4 32. Nc2 Bf8 33. Kf3 a3 34. h3 a2 35. Ke3 Ba3 36. Kd4 Bb2+ 37. Kxc4 a1Q 38. Nxa1 Bxa1 39. Kd3 Ke7 40. Ke4 Bc3 41. g4 hxg4 42. hxg4 Bd2 43. f5 exf5+ 0-1